Southville International School and Colleges
Your cart is empty.
  • Cart
  • Lists
    Public lists Eva Luna New books Lux_list list_1
    Your lists Log in to create your own lists
  • Log in to your account
  • Your cookies
  • Search history
Southville International School and Colleges
  • Advanced search
  • Recent comments
  • Most popular
  • Libraries

Log in to your account

Log in with GOOGLE


If you do not have an external account, but do have a local account, you can still log in:

  1. Home
  2. MARC view: The Unofficial guide to opening a franchise /
Normal view MARC view ISBD view

The Unofficial guide to opening a franchise / (Record no. 357101)

[ view plain ]
MARC details
000 -LEADER
fixed length control field 00592nam a2200217Ia 4500
008 - FIXED-LENGTH DATA ELEMENTS--GENERAL INFORMATION
fixed length control field 180523s9999 xx 000 0 und d
020 ## - INTERNATIONAL STANDARD BOOK NUMBER
International Standard Book Number 978-0-470-08951-4
050 ## - LIBRARY OF CONGRESS CALL NUMBER
Classification number MAIN HF 5429.23
050 ## - LIBRARY OF CONGRESS CALL NUMBER
Item number .R53 2007
100 ## - MAIN ENTRY--PERSONAL NAME
Personal name Rich, Jason R.
245 #4 - TITLE STATEMENT
Title The Unofficial guide to opening a franchise /
245 #0 - TITLE STATEMENT
Statement of responsibility, etc Jason R. Rich.
260 ## - PUBLICATION, DISTRIBUTION, ETC. (IMPRINT)
Place of publication, distribution, etc New Jersey :
260 ## - PUBLICATION, DISTRIBUTION, ETC. (IMPRINT)
Name of publisher, distributor, etc Wiley Publishing,
260 ## - PUBLICATION, DISTRIBUTION, ETC. (IMPRINT)
Date of publication, distribution, etc 2007
300 ## - PHYSICAL DESCRIPTION
Extent 368 pages :
300 ## - PHYSICAL DESCRIPTION
Dimensions 21 cm.
500 ## - GENERAL NOTE
General note Includes index.
650 ## - SUBJECT ADDED ENTRY--TOPICAL TERM
Topical term or geographic name as entry element Franchises (Retail trade).
650 ## - SUBJECT ADDED ENTRY--TOPICAL TERM
General subdivision New business enterprises -- Management.
Holdings
Withdrawn status Lost status Damaged status Home library Current library Shelving location Date acquired Total Checkouts Full call number Barcode Date last seen Price effective from Koha item type
      South Mansfield College South Mansfield College   01/11/2008   MAIN HF 5429.23 .R53 2007 SMC04791 05/23/2018 05/23/2018  

The Unofficial guide to opening a franchise /

APA

Rich J. R., .The Unofficial guide to opening a franchise. New Jersey: .

Chicago

Rich Jason R, .The Unofficial guide to opening a franchise. New Jersey: .

Harvard

Rich J. R., .The Unofficial guide to opening a franchise. New Jersey: .

MLA

Rich Jason R, .New Jersey: . .

  • Place hold
  • Print
  • Cite
  • Add to your cart (remove)
  • Save record
    BIBTEX Dublin Core MARCXML MARC (non-Unicode/MARC-8) MARC (Unicode/UTF-8) MARC (Unicode/UTF-8, Standard) MODS (XML) RIS
  • More searches
    Search for this title in:
    Other Libraries (WorldCat) Other Databases (Google Scholar) Online Stores (Bookfinder.com) Open Library (openlibrary.org)

Exporting to Dublin Core...

SOUTHVILLE LIBRARY

Southville International School and Colleges Library

1281 Tropical Ave. Cor. Luxembourg St., BF Homes International, Las Pinas City

Tel. No. 8256374 / 252358 Loc. 117/146

Powered by Koha